Praxis der Bilanzierung

Gespeichert in:
Bibliographische Detailangaben
1. Verfasser: Grünberger, Herbert
Format: Buch
Sprache:Deutsch
Veröffentlicht: Wien Springer 1993
Ausgabe:2. neubearb. Aufl.
Schlagworte:
Tags: Tag hinzufügen
Keine Tags, Fügen Sie das erste Tag hinzu!

MARC

LEADER 00000nam a2200000 4500
001 c005775
005 20221206075627.4
020 |a 3-211-82444-8 
041 0 |a ger 
044 |a AT 
245 1 0 |a Praxis der Bilanzierung  |c Herbert Grünberger 
250 |a 2. neubearb. Aufl. 
264 1 |a Wien  |b Springer  |c 1993 
300 |a 491 s. 
610 2 0 |a bilancie 
610 2 0 |a uzávierka účtovná 
610 2 0 |a strata 
610 2 0 |a dane 
610 2 0 |a právo obchodné 
610 2 0 |a rentabilita 
610 2 0 |a likvidita 
610 2 0 |a prípady účtovné 
100 1 |a Grünberger, Herbert